000 00288nam a22001337a 4500
008 170808b xxu||||| |||| 00| 0 eng d
020 _a9780073380704
041 _aeng
080 _a004
100 _a34
101 _aSHKI
245 _aSIGNALS AND SYSTEMS
_cNAHVI, M
942 _2udc
_cBK
999 _c22874
_d22874